Countries that have Won Miss Universe - Statistics

General Stats
  • This quiz has been taken 148 times
  • The average score is 27 of 34
Answer Stats
Titles Year Continent Country/Territory % Correct
8 1954, 1956, 1960, 1967, 1980, 1995, 1997, 2012 North America United States
98%
7 1979, 1981, 1986, 1996, 2008, 2009, 2013 South America Venezuela
98%
2 1958, 2014 South America Colombia
96%
2 1953, 2016 Europe France
94%
2 1994, 2000 Asia India
94%
2 1991, 2010 North America Mexico
94%
4 1969, 1973, 2015, 2018 Asia Philippines
93%
3 1978, 2017, 2019 Africa South Africa
93%
2 1972, 2004 Oceania Australia
91%
2 1982, 2005 North America Canada
91%
2 1959, 2007 Asia Japan
91%
2 1963, 1968 South America Brazil
86%
1 1974 Europe Spain
86%
3 1955, 1966, 1984 Europe Sweden
85%
1 2002(Dethroned) Europe Russia
84%
1 1962 South America Argentina
82%
1 2002(Originally crowned 1st Runner-Up. Took over title after original winner was dethroned.) Central America Panama
82%
2 1965, 1988 Asia Thailand
82%
1 1961 Europe Germany
80%
1 1987 South America Chile
78%
2 1952, 1975 Europe Finland
78%
1 1957 South America Peru
78%
1 2003 North America Dominican Republic
75%
1 1990 Europe Norway
74%
1 1983 Oceania New Zealand
72%
2 1977, 1998 South America Trinidad and Tobago
66%
1 1964 Europe Greece
65%
5 1970, 1985, 1993, 2001, 2006 North America Puerto Rico
64%
1 1989 Europe Netherlands
63%
1 1976 Asia Israel
62%
1 2011 Africa Angola
61%
1 1992 Africa Namibia
58%
1 1999 Africa Botswana
55%
1 1971 Asia Lebanon
50%
No matching quizzes found
Score Distribution
Percent of People with Each Score
Percentile by Number Answered
Your Score History
You have not taken this quiz